• 首页
  • 本馆介绍
  • 公告通知
  • 最新文献
  • 馆藏检索
  • 电子资源
  • 读者导购
  • 参考咨询
  • 我的图书馆
  • 登录
  • 详细信息显示
  • 放入我的书架
  • 预约/预借图书
  • 作者相关作品
  • 分类相关作品
  • 丛书相关作品
  • 出版社相关作品

书目信息

  • 表格格式
  • 工作单格式
  • 卡片格式
题名:
世界地图集
    
 
作者: 地图出版社 编制 ;地图出版社 编
分册:  
出版信息: 北京   中国地图出版社  1987.05
页数: 全一册
开本: 26cm
丛书名:
单 册:
中图分类: P981
科图分类:
主题词: 世界地图--地图集 , 自然地理图
电子资源:
ISBN: 7-5031-0025-7
000 00670nam0 2200241 45
001 0201220878
005 20040922172701.4
010    @a7-5031-0025-7@b精装@dCNY14.50
091    @a12014.712
100    @a20020122d1987 km y0chiy0120 ea
101 0  @achi
105    @aba z 000yy
200 1  @a世界地图集@AShi Jie Di Tu Ji@f地图出版社编制@FDi Tu Chu Ban She Bian Zhi
205    @a2版
210    @a北京@c中国地图出版社@d1987.05
215    @a全一册@c地图,图表@d26cm
606 0  @a世界地图@x地图集
606 0  @a自然地理图
690    @aP981@v1
701  0 @a地图出版社@4编制
711 02 @a地图出版社@4编
801    @aCN@bTSTC@c20021210
905    @dP981@e25=2@b203063@f1
    
    世界地图集/地图出版社编制.-2版.-北京:中国地图出版社,1987.05
    全一册:地图,图表;26cm
    
    
    ISBN 7-5031-0025-7(精装):CNY14.50
    
●
相关链接 在E读中查询图书 在五车中查询图书 在当当中查询图书 在豆瓣中查询图书


正题名:世界地图集     索取号:P981/25=2         预约/预借

序号 登录号 条形码 馆藏地/架位号 状态 备注
1 0203063   001961755   第二样本阅览室/ [索取号:P981/25=2] 在馆    
唐山师范学院图书馆 欢迎您!
大连网信软件有限公司© 版权所有